|
|
|
|
| LEADER |
00000nab a2200000 a 4500 |
| 001 |
vtls000541628 |
| 003 |
SK-MaSNL |
| 005 |
20260304015752.0 |
| 008 |
150430c1995 xo 0 slo |
| 015 |
|
|
|a SNBRB19rr/mm-uuuuu
|
| 035 |
|
|
|a CL0541766
|
| 040 |
|
|
|a SNKBUCL
|b slo
|c SNKBUCL
|e AACR2
|
| 041 |
0 |
|
|a slo
|
| 044 |
|
|
|a xo
|c SK
|
| 080 |
|
|
|a 328.1(437.6)
|2 1981
|
| 100 |
1 |
|
|a Nozdrovická, Andrea
|4 aut
|9 900554
|
| 245 |
1 |
0 |
|a Schválenie Liečebného poriadku umožňuje začať činnosť zdravotným poisťovniam
|c Andrea Nozdrovická, Ivan Sámel
|
| 610 |
1 |
7 |
|a Slovensko.
|b Národná rada
|2 snkbucl
|9 165573
|
| 655 |
|
7 |
|a články z novín a časopisov
|2 snkbucl
|9 267496
|
| 700 |
1 |
|
|a Sámel, Ivan,
|d 1966-
|4 aut
|9 208275
|
| 773 |
0 |
|
|t Národná obroda
|g Roč. 6, č. 58 (10. 3. 1995), s. 1-2
|
| 850 |
|
|
|a Slovenská národná knižnica v Martine
|a MTA001
|
| 852 |
|
|
|a SNK
|b KIS3GCP
|
| 958 |
|
|
|a RK
|
| 958 |
|
|
|a SK
|
| 992 |
|
|
|a RBX
|
| 999 |
|
|
|c 2594021
|d 2595951
|